Parole : Pirouette Cacahuete - Statistiques

Statistiques générales
  • Ce quiz a été pris 708 fois
  • Le résultat moyen est 118 sur 189
Statistiques - réponses
Réponse % Correct
Pirouette,
99%
cacahuète,
97%
Il
94%
il
94%
un
94%
Un
94%
était
93%
petit
93%
homme,
91%
a
89%
à
89%
A
89%
maison
86%
est
83%
Qui
83%
carton,
81%
en
81%
le
80%
Le
80%
avait
79%
une
79%
Sa
78%
de
77%
papier
77%
drôle
72%
escaliers
72%
nez
71%
sont
71%
Les
67%
bout
62%
cassé
61%
cassé,
61%
du
61%
facteur
60%
s'est
55%
y
49%
Mon
48%
avion
45%
monté,
43%
fil
39%
fil,
39%
réaction,
38%
doré
37%
Avec
36%
lui
36%
joli
35%
On
35%
raccommodé,
35%
Si
29%
envolé
28%
vous
28%
Vous
28%
histoire
27%
monter,
27%
monter
27%
voulez
27%
casserez
25%
terminée,
24%
rattrapé
22%
beau
19%
mesdames
17%
Messieurs,
17%
applaudissez
16%
Aucun quiz correspondant
Distribution des résultats
% des personnes avec chaque résultat
Percentile par nombre de réponses
Votre historique - résultats
Vous n’avez pas pris ce quiz